MDQL
is popping MORE tags! Check the
thread
!
Quizzes
Events
Quiz Creation
Community
Videos
Private Events
Remove Ads
Sign In
Join for FREE
Feedback
Dark Mode
Quiz Categories
Sports
Geography
Music
Movies
Television
Just For Fun
Miscellaneous
History
Literature
Language
Science
Gaming
Entertainment
Religion
Holiday
For Kids
Quiz Lab
Recent
Popular Today
Quiz Kudos Today
Editor Picks
Curator Picks
Quizzes by...
Day
Popularity
Type
Ratings
Length
Year
Community
Subscriptions
Recent Discussions
Orange Saloon
Badges
Playlists
Quests
Create
Leaderboards
Showdown
Live 5
Trivia Bingo
Activity
Puzzle Library
Sporcle Events
Private Events
Virtual Trivia
Globe League
Become a Host
Pub Owners
SporcleCon
Opinionation
Our Games
Videos
Blog
Mobile Apps
Partnerships
Remove Ads and Go Orange
Feedback
Language
Vocabulary
Begins and Ends
Definition
Spanish
French
German
Italian
Chinese
Latin
Translation
Japanese
Language
Vocabulary
Begins and Ends
Definition
Spanish
French
German
Italian
Chinese
Latin
Translation
Japanese
Random Quiz
Search Sporcle
×
Quiz Lab
Quiz Lab
Language
portuguese
Type in answers that appear in a list
Type in answers that appear in a list
Classic
Best Score? Go Orange.
Portuguese Vocabulary for João Alfaiate Stats
Can you name the Portuguese Vocabulary for João Alfaiate?
By
jfridge
20m
67 Questions
16 Plays
16 Plays
16 Plays
Comments
Comments
Give Quiz Kudos
Give Quiz Kudos
-
- Ratings
hide this ad
Replay
Link that replays current quiz
Next Quiz
Link to next quiz in quiz playlist
You Got
0%
They Got
Avg Score
32%
Avg Friend Score
Upgrade to see
Score Distribution
Jump to the score distribution portion of the page
Score
0/67
Timer
20:00
0
Plays Today
Hint
Answer
% Correct
to love
amar
81.3%
perfect
perfeito
68.8%
to happen
acontecer
62.5%
boots
botas
62.5%
shirt
camisa
62.5%
from here
daqui
56.3%
on, about, over
sobre
56.3%
shoes
sapatos
56.3%
type, kind, sort
tipo
50%
gloves
luvas
50%
skirt
saia
50%
dress
vestido
50%
couple, married couple
casal
43.8%
to put, place
colocar
43.8%
heart
coração
43.8%
blouse
blusa
43.8%
coat
casaco
43.8%
hat
chapéu
43.8%
belt
cinto
43.8%
common
comum
37.5%
inhabitant
habitante
37.5%
manner, way
maneira
37.5%
Norway
Noruega
37.5%
population, people
população
37.5%
use, usage
uso
37.5%
T-
shirt
camiseta
37.5%
tailor
alfaiate
31.3%
announcement
aviso
31.3%
doubt
dúvida
31.3%
really
mesmo
31.3%
page
página
31.3%
any
qualquer
31.3%
fellow, guy
sujeito
31.3%
tie
gravata
31.3%
Hint
Answer
% Correct
socks
meias
31.3%
overcoat/
trenchcoat
sobretudo
31.3%
suit
terno
31.3%
bikini
biquini
31.3%
advertisement, announcement
anúncio
25%
sewing
costura
25%
seamstress
costureira
25%
to rest
descansar
25%
following
seguinte
25%
such, such as
tal
25%
nightgown
camisola
25%
men's underwear
cueca
25%
pyjamas
pijama
25%
little city
cidadezinha
18.8%
that's when
eis que
18.8%
in short
enfim
18.8%
to take along with him
levar consigo
18.8%
slacks, trousers
calças
18.8%
raincoat
capa de chuva
18.8%
women's bathing suit
maiô
18.8%
sandals
sandálias
18.8%
shorts
bermudas
18.8%
slippers
chinelos
18.8%
however
contudo
12.5%
from now on
de agora em diante
12.5%
unexpected
imprevisto
12.5%
swimming trunks
calção
12.5%
women's underwear
calcinhas
12.5%
handkerchief
lenço
12.5%
sports jacket/
blazer
paletó
12.5%
high-
heels
salto alto
12.5%
vest
colete
12.5%
speedo
sunga
12.5%
Quiz Playlist
Details
Report
Send in Message
Add To Playlist
Classic:
Type in answers that appear in a list
Last Updated: Feb 16, 2017
Quiz Scoreboard
CHALLENGE
Sign Up to Join the Scoreboard
Show All
Scores
Hide
Comments
May contain spoilers
Recently Published
Image Sorting: Flags VI
by Barbecue
Geography
2m
Find the 'City' Movie
by crazypaving
Movies
60s
Colored Red Africa Blitz
by spor1
Geography
45s
More to Explore
Quiz From the Vault
Featured Blog Post
14 Easter Pick-up Lines to Find Eggs With
hide this ad
You Might Also Like...
Tags
portuguese
Today's Top Quizzes in Language
Browse Language
hide this ad
Today's Top Quizzes in portuguese
Browse portuguese
Top Contributed Quizzes in Language
1
What Word Starts All?
2
1-10 Letter F Words III
3
Arabic Numerals
4
1-10 Letter G Words III
5
1-10 Letter H Words III
6
Weisst du, aus welchen Sprachen diese Wörter stammen?
7
1-10 Letter I Words III
8
Harry Potter book 6 chapters: English & Greek
9
1-10 Letter J Words III
10
Celtic Nations in their Language
Explore More
Trending Topics
NBA
Harry Potter
Kpop
Crossword
Disney
Anime
Marvel
WWE
Song
The Office
Country
Pokémon
NFL
Puzzle
Soccer
hide this ad
More By:
jfridge
Quiz
Plays
Rating
Category
Featured
Created
POR vs. PARA Portuguese
1,176
5.00
Language
Feb 5, 2013
Body Parts in Portuguese
724
4.00
Language
Jan 30, 2013
Subjunctive in Portuguese
262
5.00
Language
Dec 14, 2014
Meal vocabulary portuguese
114
Language
Jan 29, 2013
Food in Portuguese
105
5.00
Language
Jan 29, 2013
Go to Creator's Profile
Score Distribution
Quiz Creator Spotlight
jfridge
Follow
Send a Message
Quizzes Created
-
Created Quiz Play Count
-
More By This Creator
Popular Quizzes Today
1
Colored Red Africa Blitz
2
Find the US States - No Outlines Minefield
3
Find the 'City' Movie
4
5x2 Blitz: Bands
5
The Countries of the World
6
Find the US States
7
Find the Countries of Europe - No Outlines Minefield
8
US States
More Language Quizzes
Juneteenth Anagrams
Quiz Lab
Trending Quizzes
Colored Red Europe Blitz I
Colored Red Europe Blitz II
Colored Red Africa Blitz II
Colored Red Europe Blitz III
Colored Red Africa Blitz III
Recently Updated
How Do You Spell That?
pecheneg
Godzilla Movies
pecheneg
Grab Bag: 4-10 Letters
pecheneg
2024 March Madness Bracket
pecheneg
Famous TV Couples
Peacemaker
Champions League XIs: Real Madrid
pecheneg
Largest US Cities 1790-2010
pecheneg
Rides in Walt Disney World
pecheneg
Most Oscar Losses (Acting)
pecheneg
Beyoncé Albums
pecheneg
Trending Topics
Kpop
Marvel
Crossword
NBA
Disney
Harry Potter
Anime
Song
The Office
WWE
Puzzle
Pokémon
NFL
Soccer
Country
Your Account Isn't Verified!
In order to create a playlist on Sporcle, you need to verify the email address you used during registration. Go to your
Sporcle Settings
to finish the process.
Report this User
Report this user for behavior that violates our
Community Guidelines
.
Details:
Send Report
Go to the Sporcle.com Mobile Site →
Comments